En torno a la voluntad de poder / (Record no. 186318)

MARC details
000 -LEADER
campo de control de longitud fija 00977nam a22002771i 4500
001 - NÚMERO DE CONTROL
campo de control 186318
003 - IDENTIFICADOR DE NÚMERO DE CONTROL
campo de control SpMaBN
005 - FECHA Y HORA DE LA ÚLTIMA TRANSACCIÓN
campo de control 20250814231807.0
008 - DATOS DE LONGITUD FIJA--INFORMACIÓN GENERAL
campo de control de longitud fija 161024s1973 sp |||| |dspa d
020 ## - NÚMERO INTERNACIONAL ESTÁNDAR DEL LIBRO
Número Internacional Estándar del Libro 84-297-0928-2
080 ## - NÚMERO DE LA CLASIFICACIÓN DECIMAL UNIVERSAL
Número de la Clasificación Decimal Universal 165.721
080 ## - NÚMERO DE LA CLASIFICACIÓN DECIMAL UNIVERSAL
Número de la Clasificación Decimal Universal 111.3
080 ## - NÚMERO DE LA CLASIFICACIÓN DECIMAL UNIVERSAL
Número de la Clasificación Decimal Universal 321.01
100 1# - ENTRADA PRINCIPAL--NOMBRE DE PERSONA
Nombre de persona Nietzsche, Friedrich,
Fechas asociadas al nombre 1844-1900
9 (RLIN) 85718
245 10 - MENCIÓN DEL TÍTULO
Título En torno a la voluntad de poder /
Mención de responsabilidad, etc. Friedrich Nietzsche ; [traducción y nota introductoria de Manuel Carbonell].
260 ## - PUBLICACIÓN, DISTRIBUCIÓN, ETC.
Lugar de publicación, distribución, etc. Barcelona :
Nombre del editor, distribuidor, etc. Península :
-- Edicions 62,
Fecha de publicación, distribución, etc. 1973.
300 ## - DESCRIPCIÓN FÍSICA
Extensión 258 p. ;
Dimensiones 19 cm.
490 1# - MENCIÓN DE SERIE
Mención de serie Ediciones de Bolsillo ;
Designación de volumen o secuencia 330.
Mención de serie Ciencias Sociales. Filosofía
650 04 - PUNTO DE ACCESO ADICIONAL DE MATERIA--TÉRMINO DE MATERIA
Término de materia o nombre geográfico como elemento de entrada Nihilismo (Filosofía)
9 (RLIN) 15540
650 ## - PUNTO DE ACCESO ADICIONAL DE MATERIA--TÉRMINO DE MATERIA
Término de materia o nombre geográfico como elemento de entrada Ontología.
9 (RLIN) 15705
650 04 - PUNTO DE ACCESO ADICIONAL DE MATERIA--TÉRMINO DE MATERIA
Término de materia o nombre geográfico como elemento de entrada Poder.
9 (RLIN) 16144
700 1# - ENTRADA AGREGADA--NOMBRE PERSONAL
Nombre de persona Carbonell, Manuel.
9 (RLIN) 35050
830 00 - PUNTO DE ACCESO ADICIONAL DE SERIE-TÍTULO UNIFORME
Título uniforme Ediciones de Bolsillo.
Nombre de parte o sección de la obra Ciencias sociales
Designación de volumen o secuencia 330.
9 (RLIN) 183539
852 ## - LOCALIZACIÓN
Ubicación ES-MaACL
Número de control de estantería L-30675
Nota libre . - Donat. Miguel A. Velasco
Holdings
Estatus retirado Estado de pérdida Estado de daño No para préstamo Biblioteca de origen Biblioteca actual Ubicación en estantería Fecha de adquisición Fuente de adquisición Total de préstamos Signatura topográfica completa Código de barras Visto por última vez Precio de reemplazo Tipo de ítem Koha
        Biblioteca del Ateneo de Madrid Biblioteca del Ateneo de Madrid Depósito 2 24/10/2016     L-30675 1196449 23/02/2023 23/02/2023 Libro impreso